Computer networking: a top down approach (Record no. 1982)

MARC details
000 -LEADER
fixed length control field 00582 a2200217 4500
001 - CONTROL NUMBER
control field 068281
003 - CONTROL NUMBER IDENTIFIER
control field OSt
005 - DATE AND TIME OF LATEST TRANSACTION
control field 20220215165733.0
008 - FIXED-LENGTH DATA ELEMENTS--GENERAL INFORMATION
fixed length control field
020 ## - INTERNATIONAL STANDARD BOOK NUMBER
International Standard Book Number 9788131790540
082 ## - DEWEY DECIMAL CLASSIFICATION NUMBER
Classification number 004.678
Item number K96C
100 1# - MAIN ENTRY--PERSONAL NAME
Personal name Kurose, James F.
245 1# - TITLE STATEMENT
Title Computer networking: a top down approach
Statement of responsibility, etc by James F. Kurose and Keith W. Ross
250 ## - EDITION STATEMENT
Edition statement 5th ed.
260 ## - PUBLICATION, DISTRIBUTION, ETC. (IMPRINT)
Place of publication, distribution, etc New Delhi
Name of publisher, distributor, etc Pearson
Date of publication, distribution, etc 2010,2016
300 ## - PHYSICAL DESCRIPTION
Extent 888p.
630 ## - SUBJECT ADDED ENTRY--UNIFORM TITLE
Uniform title Computer Science
653 ## - INDEX TERM--UNCONTROLLED
Uncontrolled term Computer networks; Internet
700 ## - ADDED ENTRY--PERSONAL NAME
Personal name Ross, Keith W.
942 ## - ADDED ENTRY ELEMENTS (KOHA)
Source of classification or shelving scheme Dewey Decimal Classification
Koha item type Books
Holdings
Withdrawn status Lost status Damaged status Not for loan Collection code Home library Current library Date acquired Source of acquisition Cost, normal purchase price Total Checkouts Full call number Barcode Date last seen Date checked out Price effective from Koha item type
        General Text Book Central University Of Rajasthan Central University Of Rajasthan 07/03/2012 MTH 3308.00 4 004.678 K96C 2568 26/11/2024 21/11/2024 02/09/2020 Books
        General Text Book Central University Of Rajasthan Central University Of Rajasthan 07/03/2012 MTH 3308.00   004.678 K96C 2569 02/09/2020   02/09/2020 Books
        General Text Book Central University Of Rajasthan Central University Of Rajasthan 08/04/2016 MTH     004.678 K96C 27528 21/11/2024   02/09/2020 Books